Das antidumpingrecht der EWG
שמור ב:
| מחבר ראשי: | |
|---|---|
| מחברים אחרים: | |
| פורמט: | ספר |
| שפה: | גרמנית |
| יצא לאור: |
Frankfurt am Main
V W V
1971
|
| סדרה: | VWV-Reihe zur Aubenwirtschaft, 10
|
| נושאים: | |
| תגים: |
הוספת תג
אין תגיות, היה/י הראשונ/ה לתייג את הרשומה!
|
MARC
| LEADER | 00000nam a2200000 a 4500 | ||
|---|---|---|---|
| 001 | UCS5924 | ||
| 003 | CL-VaPUC | ||
| 005 | 20241129150144.0 | ||
| 008 | 970912e19710000GW |||||||||||||||||ger|d | ||
| 999 | |c 262052 |d 262050 | ||
| 040 | |c Pontificia Universidad Católica de Valparaíso | ||
| 082 | 0 | 4 | |a 341.75 |b MUE |2 21 |
| 100 | |a Mueller-Thuns, Waldemar |e verfasser |9 391492 | ||
| 245 | 1 | 4 | |a Das antidumpingrecht der EWG |
| 260 | |a Frankfurt am Main |b V W V |c 1971 | ||
| 300 | |a 162 p | ||
| 490 | 0 | |a VWV-Reihe zur Aubenwirtschaft, 10 | |
| 583 | |a last modification |c 19970912 00:00:00 |k Rodrigo Vera | ||
| 600 | 0 | 7 | |a COMUNIDAD ECONOMICA EUROPEA |2 CL-VaPUC |9 391494 |
| 650 | 0 | |a Derecho económico internacional |9 256191 | |
| 650 | 0 | |a Competencia |9 269688 | |
| 650 | 7 | |a DUMPING |2 CL-VaPUC |9 317405 | |
| 700 | |a Beseler, Johannes Friedrich |e verfasser |9 869094 | ||
| 942 | |c BK |2 ddc | ||
| 945 | |d 19970912 00:00:00 |a lriquelm | ||
| 952 | |0 0 |1 0 |4 0 |6 341_750000000000000_MUE_1971 |7 0 |8 A |9 290218 |a BIBDER |b BIBDER |d 2019-11-19 |i 1878719 |o 341.75 MUE 1971 |p 1878719 |r 2023-01-25 |w 2019-11-19 |y BK |k DER | ||